| 000 | 00830cam a2200289 4500 | ||
|---|---|---|---|
| 008 | 090401t2000 xxu||||| |||| 00| 0 eng d | ||
| 020 | _a0419235906 | ||
| 035 | _a(Sirsi) u99816 | ||
| 041 | _aeng | ||
| 050 | _a725.74 | ||
| 100 | _aPerkins, Philip H | ||
| 245 |
_aSwimming pools _bdesign and construction |
||
| 250 | _a4th ed. | ||
| 260 |
_aLondon _bE & F N Spon _c2000 |
||
| 300 | _axiii,231p. : ill. ; 24cm. | ||
| 350 | _a65.00 | ||
| 520 | _aA comprehensive guide to the design and construction of public and private swimming pools. | ||
| 650 | _aDESIGN | ||
| 650 | _aSWIMMING POOLS | ||
| 650 | _aCONCRETE | ||
| 650 | _aWATER TREATMENT | ||
| 650 | _aBUILT ENVIRONMENT-BUILDING MAINTENANCE AND REFURBISHMENT | ||
| 650 | _aREPAIRS | ||
| 690 | _aLEISURE AND RECREATION | ||
| 942 | _n0 | ||
| 948 | _c08/04/1999 | ||
| 999 |
_c99473 _d99473 |
||